000 00375pab a2200157 454500
008 180718b2014 xxu||||| |||| 00| 0 eng d
100 _aRohit
245 _aNew macroeconomic consensus rules budget 2014-15
260 _c2014
300 _ap.34-36.
362 _a2 Aug
650 _aBudgets
773 _aEconomic and Political Weekly
908 _aN
909 _a104929
999 _c104924
_d104924